Pilote des Année 2000-2024 né en Janvier - Statistiques

Statistiques générales
  • Ce quiz a été pris 13 fois
  • Le résultat moyen est 3 sur 18
Statistiques - réponses
Date de Naissance Réponse % Correct
7 Janvier 1985 Lewis Hamilton
100%
3 Janvier 1969 Michael Schumacher
83%
19 Janvier 1980 Jenson Button
25%
26 Janvier 1990 Sergio Perez
25%
11 Janvier 1983 Adrian Sutil
17%
11 Janvier 1985 Kazuki Nakajima
17%
5 Janvier 1978 Franck Montagny
8%
14 Janvier 1977 Narain Karthikeyan
8%
22 Janvier 1993 Rio Haryanto
8%
28 Janvier 1977 Takuma Sato
8%
14 Janvier 1973 Giancarlo Fisichella
0%
20 Janvier 1991 Joylon Palmer
0%
19 Janvier 1984 Karun Chandhok
0%
25 Janvier 1971 Luca Badoer
0%
24 Janvier 1983 Scott Speed
0%
19 Janvier 1976 Tarso Marques
0%
21 Janvier 1975 Yuji Ide
0%
1 Janvier 1981 Zslot Baumgartner
0%
Aucun quiz correspondant
Distribution des résultats
% des personnes avec chaque résultat
Percentile par nombre de réponses
Votre historique - résultats
Vous n’avez pas pris ce quiz